000 00533nam a2200229Ia 4500
001 121494
003 YMCAF
005 20230512163931.0
008 221006s2017 ||||||||||||||||| ||und|d
020 _a9788184875904
024 _a121494
035 _aDM68
040 _aYMCAF
_beng
_cIN-KoLT
041 _aeng
082 _a515.35
_bMAI
100 _aMaity, Kalipada
245 0 _aIntroduction to differential equations
260 _aNew Delhi
_bNarosa
_c2017
300 _a606p.
653 _amathematics
942 _2ddc
_cBK
999 _c18030
_d18030